000 00321nam a22001337a 4500
020 _a978-0-00-734115-3
082 _a030
_bCOL/A
100 _aCOLLINS
245 _aADVANCED ILLUSTRATED DICTIONARY
260 _aGREAT BRITAIN
_bHARPER COLLINS
_c2010
300 _a1891
650 _aDICTIONARY
_zUNITED KINGDOM
942 _cBK
999 _c2047
_d2047